[Event "BL 8283 Enger-Kettig"]
[Site "?"]
[Date "1982.??.??"]
[Round "?.1"]
[White "Weidemann, J."]
[Black "Gruen, G."]
[Result "0-1"]
[WhiteElo "2285"]
[BlackElo "2285"]
[PlyCount "80"]
[EventDate "1982.??.??"]

1. e4 Nf6 2. e5 Nd5 3. d4 d6 4. c4 Nb6 5. f4 dxe5 6. fxe5 Nc6 7. Be3 Bf5 8. Nc3
e6 9. Nf3 Qd7 10. Be2 O-O-O 11. O-O Bg4 12. Nd2 Bxe2 13. Nxe2 Bb4 14. c5 Nd5
15. Bf2 Bxd2 16. Qxd2 f6 17. a3 fxe5 18. dxe5 Nxe5 19. Rac1 Nf6 20. Qa5 Nc6 21.
Qa4 e5 22. Nc3 a6 23. Rfd1 Nd4 24. Qc4 Ng4 25. Ne4 Nxf2 26. Nxf2 Rhf8 27. Re1
Rf4 28. Qc3 Qf5 29. Nd3 Re4 30. c6 Nxc6 31. Nc5 Rxe1+ 32. Rxe1 Rf8 33. Qg3 Kb8
34. h3 Qf4 35. Qc3 Qf2+ 36. Kh2 Rd8 37. Re4 Rd2 38. Rg4 Nd4 39. Nd7+ Ka8 40.
Nxe5 Ne2 0-1

[Event "BL 8283 Frankfurt-Enger"]
[Site "?"]
[Date "1982.??.??"]
[Round "?.1"]
[White "Gruen, G."]
[Black "Sosonko, G."]
[Result "1/2-1/2"]
[WhiteElo "2285"]
[BlackElo "2575"]
[PlyCount "34"]
[EventDate "1982.??.??"]

1. d4 Nf6 2. c4 e6 3. Nf3 d5 4. Nc3 Bb4 5. Bg5 h6 6. Bxf6 Qxf6 7. Qb3 c5 8. e3
O-O 9. a3 Bxc3+ 10. Qxc3 dxc4 11. Bxc4 Nd7 12. O-O b6 13. Ne5 Rd8 14. Nc6 Re8
15. Ne5 Rd8 16. Nc6 Re8 17. Ne5 Rd8 1/2-1/2

[Event "BL 8283 Frankfurt-Enger"]
[Site "?"]
[Date "1982.??.??"]
[Round "?.2"]
[White "Podzielny, K."]
[Black "Fleck, J."]
[Result "1/2-1/2"]
[WhiteElo "2405"]
[BlackElo "2365"]
[PlyCount "85"]
[EventDate "1982.??.??"]

1. Nf3 g6 2. d4 f5 3. h4 Nf6 4. h5 Nxh5 5. Rxh5 gxh5 6. e4 Bg7 7. Nh4 e6 8.
Qxh5+ Kf8 9. exf5 Qe8 10. Qf3 exf5+ 11. Be3 Qe4 12. Qxf5+ Qxf5 13. Nxf5 d6 14.
Nxg7 Kxg7 15. Nc3 Bf5 16. Kd2 Nd7 17. Be2 Nf6 18. g4 Ne4+ 19. Nxe4 Bxe4 20. f3
Bg6 21. f4 Be4 22. d5 Rhf8 23. c4 c6 24. dxc6 bxc6 25. Rf1 Rab8 26. b3 a5 27.
f5 a4 28. Bd4+ Kg8 29. bxa4 c5 30. Bc3 d5 31. cxd5 Bxd5 32. Bb5 Bxa2 33. Ke3
Bf7 34. Be5 Rbd8 35. Rc1 c4 36. g5 Rc8 37. Kf4 Rfd8 38. g6 hxg6 39. Rh1 Kf8 40.
Rh8+ Ke7 41. f6+ Ke6 42. Rxd8 g5+ 43. Kxg5 1/2-1/2

[Event "BL 8283 Frankfurt-Enger"]
[Site "?"]
[Date "1982.??.??"]
[Round "?.3"]
[White "Kunsztowicz, U."]
[Black "Werner, D."]
[Result "0-1"]
[WhiteElo "2350"]
[BlackElo "2340"]
[PlyCount "135"]
[EventDate "1982.??.??"]

1. d4 Nf6 2. c4 e6 3. Nc3 c5 4. d5 exd5 5. cxd5 d6 6. Nf3 g6 7. g3 Bg7 8. Bg2
O-O 9. O-O a6 10. a4 Nbd7 11. Nd2 Re8 12. Nc4 Ne5 13. Nxe5 Rxe5 14. e4 Re8 15.
Kh1 b6 16. Bf4 Ng4 17. Qd2 Rb8 18. Ra2 b5 19. axb5 axb5 20. h3 Ne5 21. Bg5 Qc7
22. Rfa1 Bd7 23. Bh6 Bh8 24. Nd1 Nc4 25. Qc1 Bd4 26. b3 Ne5 27. f4 Nd3 28. Qd2
Nb4 29. Ra7 Rb7 30. Ra8 Rxa8 31. Rxa8+ Rb8 32. Ra3 Qc8 33. Kh2 Ra8 34. Rxa8
Qxa8 35. f5 Qa1 36. Bf4 Be5 37. f6 h5 38. Nf2 h4 39. Bxe5 Qxe5 40. Qf4 Qxf4 41.
gxf4 c4 42. bxc4 bxc4 43. Nd1 Na2 44. Ne3 c3 45. e5 Nb4 46. Be4 Kf8 47. Nc2
Nxc2 48. Bxc2 Bf5 49. Ba4 c2 50. e6 fxe6 51. dxe6 Bxe6 52. Bxc2 Kf7 53. Bd3
Kxf6 54. Kg2 d5 55. Bf1 Bf5 56. Kf2 d4 57. Kf3 Ke6 58. Bc4+ Kd6 59. Bf7 Kc5 60.
Ke2 Be4 61. Bg8 Kd6 62. Bc4 Bf5 63. Bf7 Ke7 64. Bd5 Kd6 65. Bf7 Kc5 66. Ke1 d3
67. Be8 Kd4 68. Kd2 0-1

[Event "BL 8283 Frankfurt-Enger"]
[Site "?"]
[Date "1982.??.??"]
[Round "?.4"]
[White "Haakert, J."]
[Black "Clemens, C."]
[Result "1/2-1/2"]
[WhiteElo "2305"]
[BlackElo "2380"]
[PlyCount "54"]
[EventDate "1982.??.??"]

1. g3 f5 2. Nf3 Nf6 3. Bg2 e6 4. O-O Be7 5. b3 O-O 6. Bb2 a5 7. a4 d6 8. d4 Qe8
9. e3 Bd8 10. Na3 Nbd7 11. Nc4 Ne4 12. Nfd2 d5 13. Na3 c6 14. c4 b6 15. f3 Nxd2
16. Qxd2 Nf6 17. Rfc1 Bb7 18. Nc2 Bc7 19. cxd5 exd5 20. Ba3 Rf7 21. Ne1 Qe6 22.
Nd3 Bd6 23. Bxd6 Qxd6 24. Rc3 Rc7 25. Rac1 Rac8 26. Qc2 Nd7 27. f4 g6 1/2-1/2

[Event "BL 8283 Frankfurt-Enger"]
[Site "?"]
[Date "1982.??.??"]
[Round "?.7"]
[White "Markmann, U."]
[Black "Fahnenschmidt, G."]
[Result "0-1"]
[WhiteElo "2225"]
[BlackElo "2355"]
[PlyCount "48"]
[EventDate "1982.??.??"]

1. d4 Nf6 2. c4 e6 3. Nc3 Bb4 4. e3 O-O 5. Bd3 d5 6. Nf3 c5 7. O-O cxd4 8. exd4
dxc4 9. Bxc4 b6 10. Bg5 Bb7 11. Rc1 Nc6 12. a3 Be7 13. Bd3 Nd5 14. Be3 Rc8 15.
Qe2 Nxc3 16. Rxc3 Bf6 17. Rfc1 Bxd4 18. Bxh7+ Kxh7 19. Ng5+ Kg6 20. Qd3+ Kf6
21. Ne4+ Ke7 22. Bg5+ f6 23. Bf4 e5 24. Qg3 exf4 0-1

[Event "BL 8283 Kettig-Delmenhorst"]
[Site "?"]
[Date "1982.??.??"]
[Round "?.1"]
[White "Juhnke, K."]
[Black "Weidemann, J."]
[Result "0-1"]
[WhiteElo "2320"]
[BlackElo "2285"]
[PlyCount "101"]
[EventDate "1982.??.??"]

1. d4 e6 2. c4 Nf6 3. Nc3 d5 4. cxd5 exd5 5. Bg5 c6 6. e3 Bf5 7. Qf3 Bg6 8.
Bxf6 gxf6 9. O-O-O Nd7 10. h4 h5 11. Bd3 Qa5 12. e4 dxe4 13. Bxe4 O-O-O 14.
Nge2 f5 15. Bc2 Nb6 16. Bb3 Bg7 17. Kb1 Qb4 18. Ka1 a5 19. Bc2 Nc4 20. Bxf5+
Kb8 21. b3 Nd6 22. Bxg6 fxg6 23. Qg3 Rhf8 24. Kb1 Ka8 25. Qxg6 Bh8 26. Qxh5 Nf5
27. Rh3 c5 28. d5 Nd4 29. d6 Nxe2 30. Nxe2 Qe4+ 31. Rhd3 Rf5 32. Qh6 Qxe2 33.
Qd2 Qxd2 34. R1xd2 Bd4 35. f3 Rxd6 36. Kc2 Rdf6 37. Kd1 Rf4 38. g4 Rxf3 39. g5
Rf1+ 40. Kc2 R6f4 41. Rh3 Rg4 42. Re2 Ka7 43. a4 Rff4 44. Reh2 Bg1 45. Rh1 Rg2+
46. Kc3 Ka6 47. Rd3 Bd4+ 48. Kc4 Bf2+ 49. Kd5 Bxh4 50. Kxc5 Rxg5+ 51. Rd5 0-1

[Event "BL 8283 HSK-Bochum"]
[Site "?"]
[Date "1982.??.??"]
[Round "?.1"]
[White "Schussler, H."]
[Black "Huebner, R."]
[Result "1/2-1/2"]
[WhiteElo "2495"]
[BlackElo "2630"]
[PlyCount "95"]
[EventDate "1982.??.??"]

1. d4 g6 2. e4 Bg7 3. Nf3 d6 4. Nc3 Nf6 5. Be2 O-O 6. O-O a6 7. Re1 b5 8. e5
Nfd7 9. e6 fxe6 10. Ng5 Rf6 11. Bf3 c6 12. Nxe6 Rxe6 13. Rxe6 Ne5 14. Rxe5 dxe5
15. d5 Bb7 16. Be3 b4 17. dxc6 Nxc6 18. Na4 Qxd1+ 19. Rxd1 Na5 20. Bxb7 Nxb7
21. Rd7 Nd6 22. Nb6 Rb8 23. g4 h5 24. Nd5 Bf8 25. Bc5 Rb5 26. Nxe7+ Bxe7 27.
Bxd6 Bf6 28. Rc7 hxg4 29. Rc4 a5 30. Rc5 Rxc5 31. Bxc5 e4 32. b3 Bd8 33. Kg2
Bc7 34. h3 gxh3+ 35. Kxh3 Kf7 36. Kg4 Ke6 37. Kg5 Kd5 38. Be3 a4 39. Kxg6 axb3
40. axb3 Be5 41. Kf5 Bb2 42. Kg6 Bc3 43. Kf7 Ke5 44. Ke7 Be1 45. Kd7 Kf5 46.
Kc6 Kg4 47. Kd5 Kf3 48. Kd4 1/2-1/2

[Event "BL 8283 HSK-Bochum"]
[Site "?"]
[Date "1982.??.??"]
[Round "?.2"]
[White "Chandler, M."]
[Black "Borik, O."]
[Result "1-0"]
[WhiteElo "2505"]
[BlackElo "2380"]
[PlyCount "99"]
[EventDate "1982.??.??"]

1. e4 c5 2. Nf3 e6 3. d4 cxd4 4. Nxd4 Nf6 5. Nc3 d6 6. g4 h6 7. h4 Nc6 8. Rg1
h5 9. g5 Ng4 10. Be2 Qb6 11. Bxg4 hxg4 12. Nxc6 bxc6 13. Qxg4 g6 14. b3 Bg7 15.
Bb2 d5 16. exd5 exd5 17. Qe2+ Be6 18. O-O-O Rxh4 19. Rh1 Rxh1 20. Rxh1 O-O-O
21. Na4 Bxb2+ 22. Kxb2 Qb5 23. Qxb5 cxb5 24. Nc5 Bf5 25. Rh7 Rf8 26. Kc3 Kc7
27. Kd4 a5 28. c3 Kc6 29. a3 f6 30. gxf6 Rxf6 31. Ra7 Bc8 32. Nd3 Kb6 33. Rg7
Bf5 34. Ne5 Rd6 35. b4 axb4 36. axb4 Bc2 37. Rd7 Rxd7 38. Nxd7+ Kc6 39. Nf6 Bb3
40. Ke5 Bc4 41. Nh7 Ba2 42. Nf8 Bb1 43. Ne6 Ba2 44. Nd4+ Kb6 45. Kd6 Bc4 46.
Ne6 Bb3 47. Nf4 g5 48. Nxd5+ Kb7 49. Nf6 Kb6 50. Nd7+ 1-0

[Event "BL 8283 HSK-Bochum"]
[Site "?"]
[Date "1982.??.??"]
[Round "?.4"]
[White "Cordes, H."]
[Black "Bachmann, K."]
[Result "1-0"]
[WhiteElo "2280"]
[BlackElo "2295"]
[PlyCount "81"]
[EventDate "1982.??.??"]

1. d4 Nf6 2. c4 g6 3. Nc3 Bg7 4. e4 d6 5. f3 e5 6. d5 Nh5 7. Be3 O-O 8. Qd2 f5
9. O-O-O Nd7 10. exf5 gxf5 11. Bd3 Ndf6 12. Bg5 Qe8 13. Nge2 a6 14. Rdg1 Kh8
15. h3 f4 16. Qc2 Qf7 17. g4 fxg3 18. Nxg3 Nxg3 19. Rxg3 Nh5 20. Rgg1 Bf5 21.
Ne4 Bg6 22. Kb1 b5 23. Ka1 bxc4 24. Qxc4 Nf4 25. Bxf4 exf4 26. h4 Rab8 27. Rh2
Be5 28. Rgg2 Bxe4 29. Qxe4 Rg8 30. a3 Rb3 31. Rxg8+ Qxg8 32. Rg2 Qf7 33. Ka2
Rb6 34. Ka1 a5 35. Qa4 Qf8 36. h5 Rb8 37. Qxa5 Qf7 38. a4 Bg7 39. h6 Bd4 40.
Qe1 Qxd5 41. Qe7 1-0

[Event "BL 8283 HSK-Bochum"]
[Site "?"]
[Date "1982.??.??"]
[Round "?.5"]
[White "Heinbuch, D."]
[Black "Gruenberg, Ra"]
[Result "1/2-1/2"]
[WhiteElo "2285"]
[BlackElo "2315"]
[PlyCount "87"]
[EventDate "1982.??.??"]

1. c4 Nf6 2. Nc3 d5 3. cxd5 Nxd5 4. g3 c5 5. Nxd5 Qxd5 6. Nf3 b6 7. Bg2 Bb7 8.
O-O e5 9. d3 Be7 10. Qa4+ Qd7 11. Qxd7+ Nxd7 12. Bd2 f6 13. Rfc1 Rb8 14. a4 a5
15. Bc3 Nf8 16. Nd2 Bxg2 17. Kxg2 Ne6 18. Nc4 Kd7 19. e3 Rhd8 20. f4 exf4 21.
gxf4 Kc6 22. Rd1 Rd5 23. Kf3 Rbd8 24. Ke2 Rh5 25. Rh1 Rh3 26. Raf1 Rd5 27. Be1
Bd6 28. Bg3 Bc7 29. Nd2 f5 30. Nf3 h6 31. Rhg1 g5 32. fxg5 hxg5 33. Rc1 g4 34.
Ne1 f4 35. exf4 Nxf4+ 36. Kd2 Ne6 37. Bxc7 Kxc7 38. Rxg4 Rxh2+ 39. Rg2 Rdh5 40.
Kc3 Rxg2 41. Nxg2 Rh2 42. Ne3 Re2 43. Nc2 Kd6 44. Rh1 1/2-1/2

[Event "BL 8283 HSK-Bochum"]
[Site "?"]
[Date "1982.??.??"]
[Round "?.6"]
[White "Hess, C."]
[Black "Beckemeyer, W."]
[Result "1-0"]
[WhiteElo "2235"]
[BlackElo "2280"]
[PlyCount "69"]
[EventDate "1982.??.??"]

1. d4 Nf6 2. Nf3 g6 3. c4 Bg7 4. Nc3 O-O 5. e4 d6 6. Be2 Nbd7 7. O-O e5 8. Be3
Qe7 9. Qc2 c6 10. d5 Ng4 11. Bg5 f6 12. Bd2 h5 13. b4 Kh7 14. h3 Nh6 15. Rab1
Nf7 16. Rfc1 Bh6 17. Bxh6 Nxh6 18. Qd2 Rg8 19. dxc6 bxc6 20. Rd1 Nf7 21. c5
dxc5 22. b5 Nb8 23. bxc6 Nxc6 24. Nd5 Qd6 25. Qc2 Nd4 26. Nxd4 exd4 27. Rdc1
Ng5 28. h4 Nxe4 29. Qxe4 Bf5 30. Rb7+ Kh6 31. Qe7 Qxe7 32. Nxe7 Rge8 33. Nxf5+
gxf5 34. Bd3 Re5 35. Rc7 1-0

[Event "BL 8283 HSK-Bochum"]
[Site "?"]
[Date "1982.??.??"]
[Round "?.7"]
[White "Ackermann, H."]
[Black "Zieher, H."]
[Result "1/2-1/2"]
[WhiteElo "2255"]
[BlackElo "2260"]
[PlyCount "43"]
[EventDate "1982.??.??"]

1. e4 e5 2. Nc3 Nc6 3. g3 Bc5 4. Na4 Be7 5. Bg2 Nf6 6. c4 a6 7. d3 b5 8. Nc3
Bc5 9. h3 d6 10. Nge2 Rb8 11. O-O O-O 12. b3 Nd4 13. Rb1 Be6 14. Kh2 Nd7 15.
Be3 c6 16. Qd2 f6 17. f4 a5 18. cxb5 cxb5 19. Bxd4 exd4 20. Nd1 Qb6 21. Qb2
Rfc8 22. Rc1 1/2-1/2

[Event "BL 8283 HSK-Bochum"]
[Site "?"]
[Date "1982.??.??"]
[Round "?.8"]
[White "Schacht, H."]
[Black "Ueter, H."]
[Result "1/2-1/2"]
[WhiteElo "2220"]
[BlackElo "2210"]
[PlyCount "58"]
[EventDate "1982.??.??"]

1. d4 Nf6 2. c4 c5 3. d5 e6 4. Nc3 exd5 5. cxd5 d6 6. Nf3 g6 7. Bg5 h6 8. Bh4
Bg7 9. e3 O-O 10. Nd2 b6 11. Bc4 Na6 12. O-O Nc7 13. e4 a6 14. f4 Qd7 15. e5
dxe5 16. Bxf6 Bxf6 17. Nde4 Bg7 18. d6 Ne8 19. Nd5 Rb8 20. Ne7+ Kh7 21. fxe5
Bb7 22. e6 fxe6 23. Qg4 Bxe4 24. Qxe4 Nxd6 25. Qxg6+ Kh8 26. Bd3 Bd4+ 27. Kh1
Qxe7 28. Qxh6+ Kg8 29. Qg6+ Kh8 1/2-1/2

[Event "BL 8283 Lasker-Solingen"]
[Site "?"]
[Date "1982.??.??"]
[Round "?.3"]
[White "Hecht, H."]
[Black "Grzesik, T."]
[Result "1-0"]
[WhiteElo "2455"]
[BlackElo "2330"]
[PlyCount "53"]
[EventDate "1982.??.??"]

1. Nf3 Nf6 2. c4 c6 3. d4 d5 4. e3 e6 5. Nbd2 Nbd7 6. Bd3 Bd6 7. O-O O-O 8. e4
dxe4 9. Nxe4 Nxe4 10. Bxe4 h6 11. Bc2 Re8 12. Qd3 Nf8 13. Be3 Qf6 14. Rad1 b6
15. Qe4 Bb7 16. Ne5 Rac8 17. Rfe1 Ba8 18. c5 Bc7 19. b4 Red8 20. Bf4 Rd5 21.
Bg3 bxc5 22. bxc5 Bb7 23. Re3 Bxe5 24. Bxe5 Qg6 25. Qxd5 exd5 26. Bxg6 Nxg6 27.
Rb1 1-0

[Event "BL 8283 Lasker-Solingen"]
[Site "?"]
[Date "1982.??.??"]
[Round "?.5"]
[White "Borngaesser, R."]
[Black "Fette, M."]
[Result "1/2-1/2"]
[WhiteElo "2320"]
[BlackElo "2270"]
[PlyCount "38"]
[EventDate "1982.??.??"]

1. e4 c6 2. Nc3 d5 3. Nf3 Bg4 4. h3 Bh5 5. exd5 cxd5 6. Bb5+ Nc6 7. g4 Bg6 8.
Ne5 Rc8 9. d4 e6 10. h4 f6 11. Bxc6+ bxc6 12. Nxg6 hxg6 13. Qd3 Kf7 14. h5 gxh5
15. gxh5 Ne7 16. Bd2 Nf5 17. Ne2 Bd6 18. Ng3 Bxg3 19. fxg3 Qb6 1/2-1/2

[Event "BL 8283 Bochum-Lasker"]
[Site "?"]
[Date "1982.??.??"]
[Round "?.1"]
[White "Wockenfuss, K."]
[Black "Schussler, H."]
[Result "1/2-1/2"]
[WhiteElo "2390"]
[BlackElo "2495"]
[PlyCount "33"]
[EventDate "1982.??.??"]

1. e4 c5 2. c3 d5 3. exd5 Qxd5 4. d4 e6 5. Nf3 Nf6 6. Be2 cxd4 7. cxd4 Be7 8.
Nc3 Qd8 9. Ne5 Nc6 10. Be3 O-O 11. O-O Bd7 12. Bf3 Be8 13. Rc1 Rc8 14. Qe2 Na5
15. Rfd1 Bc6 16. Bxc6 Nxc6 17. Qb5 1/2-1/2

[Event "BL 8283 Bochum-Lasker"]
[Site "?"]
[Date "1982.??.??"]
[Round "?.2"]
[White "Borik, O."]
[Black "Paulsen, D."]
[Result "1-0"]
[WhiteElo "2380"]
[BlackElo "2330"]
[PlyCount "102"]
[EventDate "1982.??.??"]

1. d4 Nf6 2. c4 e6 3. Nf3 c5 4. e3 d5 5. Nc3 Nc6 6. a3 a6 7. dxc5 Bxc5 8. b4
Ba7 9. Bb2 O-O 10. Rc1 dxc4 11. Bxc4 b5 12. Bd3 Bb7 13. O-O Rc8 14. Bb1 Qxd1
15. Rfxd1 Ne7 16. Ng5 Rfd8 17. Rxd8+ Rxd8 18. Nce4 Nxe4 19. Bxe4 Bxe4 20. Nxe4
f6 21. Kf1 Bb6 22. Ke2 Kf7 23. g4 h6 24. h4 f5 25. gxf5 exf5 26. Nd2 Rc8 27.
Rg1 g6 28. Kd3 Bc7 29. Nf3 Bd6 30. h5 g5 31. Bd4 Nc6 32. Rb1 g4 33. Nd2 Nxd4
34. exd4 Kf6 35. Re1 Kg5 36. Rh1 a5 37. bxa5 Bxa3 38. Rb1 b4 39. Nc4 Kxh5 40.
d5 Kg5 41. d6 h5 42. a6 h4 43. a7 Rd8 44. Kc2 h3 45. Nxa3 Kf6 46. Nb5 f4 47.
Nd4 h2 48. Ne2 Ke5 49. Rh1 Ra8 50. d7 Ke6 51. Rxh2 f3 1-0

[Event "BL 8283 Bochum-Lasker"]
[Site "?"]
[Date "1982.??.??"]
[Round "?.3"]
[White "Grzesik, T."]
[Black "Budde, V."]
[Result "0-1"]
[WhiteElo "2330"]
[BlackElo "2335"]
[PlyCount "92"]
[EventDate "1982.??.??"]

1. e4 c5 2. Nf3 e6 3. d3 Nc6 4. g3 d5 5. Nbd2 Nf6 6. Bg2 Be7 7. O-O O-O 8. Re1
b5 9. e5 Ne8 10. Nf1 b4 11. h4 Nc7 12. N1h2 a5 13. h5 f5 14. Bf4 Bd7 15. Qd2 d4
16. h6 g6 17. Ng5 Ra6 18. Nh3 Nb8 19. Rac1 Bc6 20. Bxc6 Rxc6 21. Nf3 a4 22. Bg5
Nd5 23. Bxe7 Qxe7 24. Nf4 Nxf4 25. Qxf4 Nd7 26. c3 dxc3 27. bxc3 Rb6 28. cxb4
Rxb4 29. Qd2 Rd8 30. Rc3 f4 31. a3 Rb3 32. Rxb3 axb3 33. Qxf4 Rf8 34. Qe3 Nb6
35. Ng5 Nd5 36. Qd2 Ra8 37. Ne4 Rxa3 38. Qb2 Qa7 39. Rc1 Qa5 40. Nxc5 Kf7 41.
Ne4 Qb4 42. Rb1 Ke7 43. Qc1 Kd7 44. Qc5 Qxc5 45. Nxc5+ Kc6 46. Nxb3 Nc3 {ZÜ}
0-1

[Event "BL 8283 Bochum-Lasker"]
[Site "?"]
[Date "1982.??.??"]
[Round "?.5"]
[White "Fette, M."]
[Black "Heinbuch, D."]
[Result "1/2-1/2"]
[WhiteElo "2270"]
[BlackElo "2285"]
[PlyCount "40"]
[EventDate "1982.??.??"]

1. e4 c5 2. Nf3 Nc6 3. Bb5 g6 4. O-O Bg7 5. c3 Nf6 6. e5 Nd5 7. d4 cxd4 8. cxd4
O-O 9. Nc3 Nc7 10. Bf4 Nxb5 11. Nxb5 a6 12. Nc3 d6 13. exd6 Bg4 14. dxe7 Qxe7
15. d5 Nd4 16. Re1 Qb4 17. Be3 Nxf3+ 18. gxf3 Bf5 19. Qd2 Rac8 20. Rac1 Qh4
1/2-1/2

[Event "BL 8283 Solingen-HSK"]
[Site "?"]
[Date "1982.??.??"]
[Round "?.1"]
[White "Huebner, R."]
[Black "Spassky, B."]
[Result "1/2-1/2"]
[WhiteElo "2630"]
[BlackElo "2610"]
[PlyCount "29"]
[EventDate "1982.??.??"]

1. e4 e5 2. Nf3 Nc6 3. Bb5 a6 4. Ba4 Nf6 5. O-O Be7 6. Re1 b5 7. Bb3 d6 8. c3
O-O 9. h3 Nd7 10. d4 Bf6 11. a3 Nb6 12. Ba2 Rb8 13. dxe5 Nxe5 14. Nxe5 Bxe5 15.
Nd2 1/2-1/2

[Event "BL 8283 Solingen-HSK"]
[Site "?"]
[Date "1982.??.??"]
[Round "?.3"]
[White "Reefschlaeger, H."]
[Black "Hecht, H."]
[Result "1/2-1/2"]
[WhiteElo "2380"]
[BlackElo "2455"]
[PlyCount "31"]
[EventDate "1982.??.??"]

1. d4 e6 2. c4 Nf6 3. g3 Bb4+ 4. Bd2 Qe7 5. Bg2 Nc6 6. Nf3 Bxd2+ 7. Nbxd2 d6 8.
e4 O-O 9. O-O e5 10. d5 Nd8 11. Ne1 Ng4 12. Qe2 Re8 13. Nd3 f5 14. exf5 Bxf5
15. Rae1 Nf7 16. f3 1/2-1/2

[Event "BL 8283 Solingen-HSK"]
[Site "?"]
[Date "1982.??.??"]
[Round "?.4"]
[White "Lau, R."]
[Black "Cordes, H."]
[Result "0-1"]
[WhiteElo "2415"]
[BlackElo "2280"]
[PlyCount "84"]
[EventDate "1982.??.??"]

1. d4 Nf6 2. Nf3 e6 3. c4 Bb4+ 4. Bd2 a5 5. g3 O-O 6. Bg2 b6 7. O-O Ba6 8. Bg5
Be7 9. Nfd2 c6 10. e4 d5 11. e5 Nfd7 12. Bxe7 Qxe7 13. Qb3 c5 14. cxd5 exd5 15.
Re1 Nc6 16. dxc5 Nxc5 17. Qxb6 Nb4 18. Na3 Rfd8 19. Nb3 Ncd3 20. Re3 a4 21. Nd4
Rab8 22. Qa5 Qa7 23. Nab5 Qb7 24. Nd6 Qa7 25. N4b5 Qb6 26. Qxb6 Rxb6 27. Bf1
Bxb5 28. Nxb5 Nc2 29. Rxd3 Nxa1 30. Rc3 d4 31. Rc1 g6 32. Rxa1 d3 33. Nc3 Rxb2
34. Nxa4 Rc2 35. Nb6 Rb8 36. Nd7 d2 37. Rd1 Rb1 38. Rxb1 Rc1 39. Rb8+ Kg7 40.
Nf6 d1=Q 41. Rg8+ Kh6 42. Ng4+ Qxg4 0-1

[Event "BL 8283 Solingen-HSK"]
[Site "?"]
[Date "1982.??.??"]
[Round "?.5"]
[White "Gruenberg, Ra"]
[Black "Borngaesser, R."]
[Result "1/2-1/2"]
[WhiteElo "2315"]
[BlackElo "2320"]
[PlyCount "33"]
[EventDate "1982.??.??"]

1. g3 f5 2. Bg2 Nf6 3. c4 g6 4. Nc3 Bg7 5. d3 d6 6. e4 Nc6 7. Nge2 e5 8. O-O
O-O 9. h3 Be6 10. exf5 gxf5 11. Be3 Qd7 12. f4 Kh8 13. Nd5 Qf7 14. Nxf6 Bxf6
15. Qd2 a6 16. Rae1 Rab8 17. b3 1/2-1/2

[Event "BL 8283 Solingen-HSK"]
[Site "?"]
[Date "1982.??.??"]
[Round "?.7"]
[White "Zieher, H."]
[Black "Dueball, J."]
[Result "0-1"]
[WhiteElo "2260"]
[BlackElo "2455"]
[PlyCount "88"]
[EventDate "1982.??.??"]

1. e4 c5 2. Nf3 Nc6 3. d4 cxd4 4. Nxd4 Nf6 5. Nc3 d6 6. Be3 Ng4 7. Bc4 Nxe3 8.
fxe3 e6 9. Nxc6 bxc6 10. O-O Be7 11. Qf3 O-O 12. Rad1 Qb6 13. Bb3 Ba6 14. Ne2
Bg5 15. Rd4 c5 16. Ra4 Bb5 17. Ra3 c4 18. Ba4 Bxa4 19. Rxa4 Qxe3+ 20. Qxe3
Bxe3+ 21. Kh1 Rab8 22. Rf3 Bc5 23. b3 cxb3 24. axb3 Rfc8 25. h3 Kf8 26. g4 Ke7
27. Kg2 Rb4 28. Rxb4 Bxb4 29. c3 Ba5 30. Rf1 Bb6 31. Ra1 Rc5 32. Ra4 Kf6 33.
Kf3 Ke5 34. Ra3 g5 35. b4 Rc7 36. Nc1 f5 37. Nd3+ Kf6 38. exf5 exf5 39. Nb2
fxg4+ 40. hxg4 Ke5 41. c4 Rf7+ 42. Kg3 Bd4 43. Nd3+ Ke4 44. Nc1 Bb2 0-1

[Event "BL 8283 Solingen-HSK"]
[Site "?"]
[Date "1982.??.??"]
[Round "?.8"]
[White "Bilek, M."]
[Black "Schroeder, C."]
[Result "1/2-1/2"]
[WhiteElo "2305"]
[BlackElo "2230"]
[PlyCount "80"]
[EventDate "1982.??.??"]

1. Nf3 Nf6 2. d4 d5 3. c4 c6 4. e3 Bf5 5. Nc3 e6 6. Bd3 Bxd3 7. Qxd3 Nbd7 8.
O-O Be7 9. e4 dxe4 10. Nxe4 Nxe4 11. Qxe4 O-O 12. Bf4 Qa5 13. Rfd1 Rfe8 14. Rd3
Bf6 15. Ra3 Qb4 16. Qc2 e5 17. Rb3 Qa4 18. dxe5 Nxe5 19. Bxe5 Bxe5 20. Ng5 g6
21. Nxf7 b5 22. Nxe5 Rxe5 23. cxb5 cxb5 24. h3 Rae8 25. Qd2 Qc4 26. Rd1 a6 27.
Qd3 Re1+ 28. Rxe1 Rxe1+ 29. Kh2 Qxd3 30. Rxd3 Re2 31. Kg3 Rxb2 32. Ra3 b4 33.
Rxa6 b3 34. axb3 Rxb3+ 35. f3 Rb7 36. h4 Kg7 37. Kh3 h5 38. Rc6 Kh6 39. Ra6 Rc7
40. Ra3 Rc4 {.../50/} 1/2-1/2

[Event "BL 8283 Bamberg-Bochum"]
[Site "?"]
[Date "1982.??.??"]
[Round "?.1"]
[White "Schussler, H."]
[Black "Hartmann, Wo"]
[Result "1-0"]
[WhiteElo "2495"]
[BlackElo "2275"]
[PlyCount "159"]
[EventDate "1982.??.??"]

1. d4 Nf6 2. c4 e6 3. Nf3 Bb4+ 4. Bd2 a5 5. g3 d5 6. Bg2 dxc4 7. O-O Nc6 8. Bg5
Be7 9. Qa4 O-O 10. Qxc4 h6 11. Bf4 Nd5 12. Nc3 g5 13. Bd2 Nb6 14. Qd3 Nb4 15.
Qb1 Nc4 16. Rd1 Nd5 17. Ne5 Nxd2 18. Rxd2 c6 19. e4 Nxc3 20. bxc3 Kg7 21. f4 f6
22. Nf3 g4 23. Ne1 e5 24. Nc2 b5 25. Kh1 Qc7 26. Qf1 h5 27. Ne3 b4 28. Rc1 Qa7
29. Qc4 bxc3 30. Rxc3 Bb4 31. dxe5 fxe5 32. Qxc6 Bxc3 33. Qxc3 Re8 34. fxe5 Qb8
35. e6+ Kg6 36. Rb2 Qd6 37. e5 Qa6 38. Qc2+ Kg7 39. Nf5+ Kh8 40. Qd2 Qxe6 41.
Nd4 Qf7 42. Qh6+ Kg8 43. Rb6 Ra6 44. Rxa6 Bxa6 45. Qxa6 Rxe5 46. Qc8+ Kh7 47.
Qc2+ Qg6 48. Qc7+ Qg7 49. Qxg7+ Kxg7 50. Kg1 Re1+ 51. Kf2 Re8 52. Bc6 Re5 53.
a4 Kf6 54. Nb3 Kg5 55. Nd2 Kf5 56. Nc4 Rc5 57. Bb5 Kg5 58. Ke3 Rf5 59. Nd2 Rf8
60. Ne4+ Kf5 61. Nc5 Kg6 62. Bd3+ Kh6 63. Nb3 Rf3+ 64. Ke2 Rf8 65. Bb5 Ra8 66.
Nd2 Kg5 67. Nc4 Ra7 68. Kf2 Rf7+ 69. Kg2 Ra7 70. h4+ gxh3+ 71. Kxh3 Ra8 72. Ne5
Rf8 73. Nc6 Ra8 74. Nd4 Rg8 75. Bd7 Rb8 76. Nf3+ Kh6 77. Bb5 Rf8 78. Nd4 Ra8
79. Kh4 Rg8 80. Nf5+ 1-0

[Event "BL 8283 Bamberg-Bochum"]
[Site "?"]
[Date "1982.??.??"]
[Round "?.3"]
[White "Budde, V."]
[Black "Kestler, H."]
[Result "0-1"]
[WhiteElo "2335"]
[BlackElo "2395"]
[PlyCount "135"]
[EventDate "1982.??.??"]

1. d4 Nf6 2. c4 d6 3. Nf3 g6 4. g3 Bg7 5. Bg2 O-O 6. O-O Nc6 7. Nc3 Bg4 8. d5
Na5 9. Qd3 c5 10. h3 Bd7 11. e4 a6 12. e5 dxe5 13. Nxe5 Bf5 14. Qe2 Qc7 15. Bf4
Nh5 16. Nxg6 Nxf4 17. Nxf4 Qe5 18. Qf3 Bg6 19. Rfe1 Qf6 20. Qe2 Rfe8 21. Rad1
Rad8 22. h4 Bh6 23. Nxg6 Qxg6 24. Be4 Qg7 25. Kh2 b6 26. Bd3 Nb7 27. Ne4 Nd6
28. Qh5 Qg6 29. Qf3 Qf5 30. Qe2 Nxe4 31. Bxe4 Qf6 32. Qc2 Kg7 33. Re2 Rd6 34.
Rde1 Kf8 35. Bxh7 Bg7 36. Bf5 Qh6 37. Qe4 Bd4 38. Qg4 Rf6 39. f4 b5 40. Bd7 Rg6
41. Qh3 Rb8 42. cxb5 axb5 43. Rxe7 Bf2 44. Re8+ Kg7 45. Bg4 Rxe8 46. Rxe8 f5
47. Bxf5 Rxg3 48. Qxg3+ Bxg3+ 49. Kxg3 Qh5 50. Re7+ Kf8 51. Re5 Qd1 52. h5 Kg7
53. Bg4 Qd4 54. Rg5+ Kh7 55. Re5 c4 56. Re7+ Kh8 57. Re8+ Kg7 58. h6+ Kxh6 59.
Re6+ Kg7 60. d6 b4 61. d7 c3 62. bxc3 bxc3 63. Rc6 Qg1+ 64. Kh4 Qh1+ 65. Kg5
Qd5+ 66. Kh4 Qh1+ 67. Bh3 Qxc6 68. d8=Q 0-1

[Event "BL 8283 Bamberg-Bochum"]
[Site "?"]
[Date "1982.??.??"]
[Round "?.4"]
[White "Bartsch, B."]
[Black "Bachmann, K."]
[Result "1-0"]
[WhiteElo "2265"]
[BlackElo "2295"]
[PlyCount "95"]
[EventDate "1982.??.??"]

1. e4 c5 2. Nc3 Nc6 3. g3 g6 4. Bg2 Bg7 5. d3 e6 6. Be3 Nd4 7. Qd2 Ne7 8. Nd1
d6 9. c3 Ndc6 10. h4 h6 11. f4 f6 12. Nf2 Bd7 13. Nf3 Qc7 14. O-O-O O-O-O 15.
d4 b6 16. Rhe1 Na5 17. b3 Kb8 18. Kb1 Bc6 19. Qc2 Qb7 20. c4 Rhe8 21. Bd2 Qc7
22. Bc3 Ng8 23. d5 exd5 24. exd5 Bd7 25. Qxg6 Bh8 26. Rxe8 Rxe8 27. Re1 Rxe1+
28. Nxe1 Qc8 29. g4 Qf8 30. Qd3 Ne7 31. f5 h5 32. Bxa5 bxa5 33. Qg3 Nc8 34. Ne4
hxg4 35. Qxg4 Qh6 36. Nc2 a4 37. h5 axb3 38. axb3 Be8 39. Bf3 Bg7 40. Qg3 Bf8
41. Nxc5 Qd2 42. Ne4 Qd3 43. Kb2 Bh6 44. Nxd6 Nxd6 45. Qxd6+ Kc8 46. Qa6+ Kb8
47. Qd6+ Kc8 48. Qxf6 {.../65/} 1-0